000 00994nam a2200181Ia 4500
008 100122s9999 xx 000 0 und d
082 _b53996
_a823
100 _aलापिअरे डॉमनिक
245 _aसिटी ऑफ जॉय अनु.कुलकर्णी अनिल
260 _bमेहता पब्लिशिंग हाऊस
_c1997
300 _a512
520 _aसिटी ऑफ जॉय या कादंबरीचा अनिल कुलकर्णी लिखित मराठी अनुवाद
620 _aसिटी ऑफ जॉय या कादंबरीचा अनिल कुलकर्णी लिखित मराठी अनुवाद
630 _aसिटी ऑफ जॉय अनु.कुलकर्णी अनिल
700 _aकुलकर्णी अनिल र
730 _aसिटी ऑफ जॉय अनु.कुलकर्णी अनिल
942 _cBOOK
999 _c430905
_d430902